| 000 | 01275nam a22004095i 4500 | ||
|---|---|---|---|
| 001 | 020421687 | ||
| 003 | EG-ScBUE | ||
| 005 | 20220302131110.0 | ||
| 008 | 211206s2022 enka f bd 001 0 eng d | ||
| 020 | _a9781292420080 | ||
| 020 | _a1292420103 | ||
| 020 | _z9781292420103 | ||
| 040 |
_aUk _beng _erda _cUk _dEG-ScBUE |
||
| 082 | 0 | 4 |
_222 _a004.22 _bSTA |
| 100 | 1 |
_aStallings, William, _eauthor. _933885 |
|
| 245 | 1 | 0 |
_aComputer organization and architecture : _bdesigning for performance / _cWilliam Stallings. |
| 250 | _aEleventh edition. | ||
| 250 | _aGlobal edition. | ||
| 264 | 1 |
_aHarlow : _bPearson, _c[2022] |
|
| 264 | 4 | _c©2022 | |
| 300 |
_a889 pages : _billustrations ; _c27 cm |
||
| 336 |
_atext _2rdacontent _btxt |
||
| 337 |
_acomputer _2rdamedia _bn |
||
| 338 |
_aonline resource _2rdacarrier _bnc |
||
| 500 | _aIncludes glossary. | ||
| 500 | _aIncludes Appendices. | ||
| 504 | _aIncludes bibliographical references and index. | ||
| 650 | 7 |
_aComputer organization. _2BUEsh |
|
| 650 | 7 |
_aComputer architecture. _2BUEsh |
|
| 653 |
_bCOMSCI _cFebruary2022 |
||
| 655 |
_vReading book _934232 |
||
| 903 | _aELD.DS.654959 | ||
| 942 |
_2ddc _cBB |
||
| 999 |
_c29823 _d29794 |
||